000 00576cam a2200193 4500500
005 20260329002924.0
041 _afre
042 _adc
100 1 0 _aLacroix, Alexandre
_eauthor
245 0 0 _aDieudonné: la société affectée
260 _c2014.
500 _a41
690 _aAlexandre Lacroix
690 _aClivage
690 _aDieudonné
690 _aReportage
786 0 _nPhilosophie magazine | 77 | 3 | 2014-03-01 | p. 19-21 | 1951-1787
856 4 1 _uhttps://shs.cairn.info/magazine-philosophie-magazine-2014-3-page-19?lang=fr&redirect-ssocas=7080
999 _c1819689
_d1819689